00397nam a22001457a 450000100060000000300090000600500170001500700060003200800460003802000180008404000220010224500560012426000440018030000270022400125DO-SdBNP20171129145312.000125160329b xxu 200-? ||||| |||| 00| 0 spa d a9780673811509 aBPMSUbspacBPMSU aWére all in this together :bhow families nmatter aEstados Unidos :bScottForesman,c20--? a136 p. :bil.,c26 cm.